| 000 | 00517nam a2200181Ia 4500 | ||
|---|---|---|---|
| 005 | 20250326124456.0 | ||
| 008 | 250326s9999 xx 000 0 und d | ||
| 037 | _aTextbook | ||
| 040 |
_aFMSL _beng _cFMSL |
||
| 041 |
_aeng _2eng |
||
| 084 |
_aX:8 K6 _qFMSL |
||
| 100 |
_aAsthana G P _9737439 |
||
| 245 | 0 |
_aGroundwork of management: nature, development and trends _cAsthana G P |
|
| 260 |
_aAgra _bAgra, Shivalal Agarwala _c1966 |
||
| 300 | _a314p | ||
| 942 |
_cTB _hX:8 K6 |
||
| 999 |
_c1273866 _d1273866 |
||